| 000 -ლიდერი |
| ფიქსირებული სიგრძის საკონტროლო ველი |
01123nam a22002177a 4500 |
| 003 - საკონტროლო ნომრის იდენტიფიკატორი |
| საკონტროლო ველი |
Ge_BSU |
| 005 - ბოლო ოპერაციის თარიღი და დრო |
| საკონტროლო ველი |
20200901132600.0 |
| 008 - ფიქსირებული სიგრძის მონაცემთა ელემენტები - ზოგადი ინფორმაცია |
| ფიქსირებული სიგრძის საკონტროლო ველი |
200901s2020 ge ||||| |||| 00| 0 geo d |
| 020 ## - წიგნის საერთაშორისო სტანდარტული ნომერი |
| International Standard Book Number |
9789941964817 |
| 041 ## - ენის კოდი |
| Language code of text/sound track or separate title |
geo |
| 080 ## - უნივერსალური ათობითი კლასიფიკაციის ინდექსი |
| Universal Decimal Classification number |
341.231.14 კ-87 |
| 100 ## - მთავარი ჩანაწერი - პიროვნების სახელი |
| Personal name |
კუბლაშვილი, კონსტანტინე |
| 9 (RLIN) |
197 |
| 245 ## - ცნობა სათაურის შესახებ |
| Title |
ადამიანის ძირითადი უფლებები და თავისუფლებები : |
| Remainder of title |
იურიდიული სახელმძღვანელო / |
| Statement of responsibility, etc |
[ რედ: თამარ ბერიძე; რეცენზ.: თევდორე ნინიძე; კონსტანტინე კორკელია ] . |
| 250 ## - გამოცემის ცნობა |
| Edition statement |
მეხუთე გამოცემა |
| 264 ## - წარმოების, გამოცემის, დისტრიბუციის და სხვა ცნობები |
| გამოცემის, წარმოების, დისტრიბუციის... ადგილი |
თბ.: |
| გამოცემის, წარმოების, დისტრიბუციის... სახელწოდება |
იურისტების სამყარო, |
| გამოცემის, წარმოების, დისტრიბუციის... თარიღი |
2020. |
| 300 ## - ფიზიკური აღწერა |
| Extent |
388 გვ. |
| Other physical details |
24 სმ. |
| 504 ## - BIBLIOGRAPHY, ETC. NOTE |
| Bibliography, etc |
ბიბლიოგრ.: გვ 378-384 |
| 653 ## - INDEX TERM--UNCONTROLLED |
| Uncontrolled term |
სამართალი |
| 700 ## - ADDED ENTRY--PERSONAL NAME |
| Personal name |
ბერიძე, თამარ |
| Relator term |
რედაქტორი |
| 9 (RLIN) |
9312 |
| 942 ## - ADDED ENTRY ELEMENTS (KOHA) |
| Source of classification or shelving scheme |
|
| Koha item type |
წიგნი |